Computer Aided Logical Design With Enphasis On Vlsi (Record no. 717)

MARC details
000 -LEADER
fixed length control field 00334nam a22001337a 4500
041 ## - LANGUAGE CODE
Language code of text/sound track or separate title ENG
100 ## - MAIN ENTRY--PERSONAL NAME
Personal name Frederick .J Hill
245 ## - TITLE STATEMENT
Title Computer Aided Logical Design With Enphasis On Vlsi
250 ## - EDITION STATEMENT
Edition statement Fourth Ed
260 ## - PUBLICATION, DISTRIBUTION, ETC. (IMPRINT)
Place of publication, distribution, etc Delhi
Name of publisher, distributor, etc John Wiley &Sons ,INC
Date of publication, distribution, etc 2000
300 ## - PHYSICAL DESCRIPTION
Extent 534
650 ## - SUBJECT ADDED ENTRY--TOPICAL TERM
Topical term or geographic name as entry element Competitive Exam
856 ## - ELECTRONIC LOCATION AND ACCESS
Uniform Resource Identifier Computer
Holdings
Withdrawn status Lost status Source of classification or shelving scheme Damaged status Not for loan Home library Current library Shelving location Date acquired Total Checkouts Barcode Date last seen Price effective from Koha item type
    Dewey Decimal Classification     College of Agricultural Engineering and Technology, Dapoli , Library College of Agricultural Engineering and Technology, Dapoli , Library Book Cart 02/09/2021   001300 02/09/2021 02/09/2021 Books

Contact Us: College of Agricultural Engineering and Technology, Dapoli, Dist.- Ratnagiri
Website: https://dbskkv.org Email: caetlibrary2015@gmail.com